Silla Mexicana (Record no. 11251)

MARC details
000 -CABECERA
campo de control de longitud fija 01223nam a2200349 4500
003 - IDENTIFICADOR DEL NÚMERO DE CONTROL
campo de control OSt
005 - FECHA Y HORA DE LA ÚLTIMA TRANSACCIÓN
campo de control 20260530113845.0
008 - DATOS DE LONGITUD FIJA--INFORMACIÓN GENERAL
campo de control de longitud fija 260421b2017 mx a|||| |||| 00| 0 spa d
020 ## - NÚMERO INTERNACIONAL ESTÁNDAR DEL LIBRO
Número Internacional Estándar del Libro 9786079489250
020 ## - NÚMERO INTERNACIONAL ESTÁNDAR DEL LIBRO
Número Internacional Estándar del Libro 9786077456698
040 ## - FUENTE DE LA CATALOGACIÓN
Centro catalogador/agencia de origen ICI
Lengua de catalogación spa
Centro/agencia transcriptor ICI
041 #0 - CÓDIGO DE LENGUA
Código de lengua del texto/banda sonora o título independiente spa
041 #0 - CÓDIGO DE LENGUA
Código de lengua del texto/banda sonora o título independiente eng
050 ## - SIGNATURA TOPOGRÁFICA DE LA BIBLIOTECA DEL CONGRESO
Número de clasificación NK2715
Número de documento/Ítem S555
100 1# - ENTRADA PRINCIPAL--NOMBRE DE PERSONA
Nombre de persona Ana Elena Mallet
9 (RLIN) 30606
245 10 - MENCIÓN DE TÍTULO
Título Silla Mexicana
Resto del título Mexican chair
Mención de responsabilidad, etc. textos = texts, Ana Elena Mallet, Jorge F. Rivas Pérez ; fotografía = photography, Jorge Vértiz ; traducción = translation, Quentin Pope
246 31 - FORMA VARIANTE DE TÍTULO
Título propio/Titulo breve Mexican chair
250 ## - MENCIÓN DE EDICIÓN
Mención de edición Primera edición = first edition
264 #1 - PRODUCCIÓN, PUBLICACIÓN, DISTRIBUCIÓN, FABRICACIÓN Y COPYRIGHT
Nombre del de productor, editor, distribuidor, fabricante Arquine
-- Secretaría de Cultura
Fecha de producción, publicación, distribución, fabricación o copyright 2017
Producción, publicación, distribución, fabricación y copyright Ciudad de México
300 ## - DESCRIPCIÓN FÍSICA
Extensión 262 páginas
Otras características físicas ilustraciones (principalmente a color)
336 ## - TIPO DE CONTENIDO
Término de tipo de contenido texto
Fuente rdacontent
337 ## - TIPO DE MEDIO
Nombre/término del tipo de medio sin medio
Fuente rdamedia
338 ## - TIPO DE SOPORTE
Nombre/término del tipo de soporte volumen
Fuente rdacarrier
500 ## - NOTA GENERAL
Nota general Incluye un catálogo de obras de arte
650 #4 - PUNTO DE ACCESO ADICIONAL DE MATERIA--TÉRMINO DE MATERIA
Término de materia o nombre geográfico como elemento de entrada Sillas
Subdivisión geográfica México
9 (RLIN) 30607
650 #4 - PUNTO DE ACCESO ADICIONAL DE MATERIA--TÉRMINO DE MATERIA
Término de materia o nombre geográfico como elemento de entrada Diseño de muebles
Subdivisión geográfica México
9 (RLIN) 30608
700 #1 - PUNTO DE ACCESO ADICIONAL--NOMBRE DE PERSONA
Nombre de persona Mallet, Ana Elena,
Término indicativo de función/relación autor
700 #1 - PUNTO DE ACCESO ADICIONAL--NOMBRE DE PERSONA
Nombre de persona Rivas, Jorge,
Término indicativo de función/relación autor
9 (RLIN) 3332
700 #1 - PUNTO DE ACCESO ADICIONAL--NOMBRE DE PERSONA
Nombre de persona Pope, Quentin,
Término indicativo de función/relación traductor
9 (RLIN) 30609
700 #1 - PUNTO DE ACCESO ADICIONAL--NOMBRE DE PERSONA
Nombre de persona Vértiz, Jorge,
Término indicativo de función/relación fotógrafo
942 ## - ELEMENTOS DE PUNTO DE ACCESO ADICIONAL (KOHA)
Fuente del sistema de clasificación o colocación Library of Congress Classification
Tipo de ítem Koha
Suprimir en OPAC 1

No items available.